| Tag |
First Indicator |
Second Indicator |
Subfields |
| LEADER |
00000cam a2200000 a 4500 |
| 001 |
in00002787260 |
| 005 |
20151202171721.0 |
| 008 |
100204s2011 mnua j 001 0 eng |
| 010 |
|
|
|a 2010001821
|
| 020 |
|
|
|a 9781429652421 (library binding)
|
| 020 |
|
|
|a 142965242X (library binding)
|
| 035 |
|
|
|a (OCoLC)ocn519822044
|
| 040 |
|
|
|a DLC
|c DLC
|d TXA
|d UtOrBLW
|
| 049 |
|
|
|a TXAM
|
| 050 |
|
0 |
|a BF294
|b .H95 2011
|
| 082 |
0 |
0 |
|a 152.14/23
|2 22
|
| 100 |
1 |
|
|a Hyland, Tony.
|
| 245 |
1 |
0 |
|a Recognizing patterns in nature /
|c by Tony Hyland.
|
| 264 |
|
1 |
|a Mankato, Minn. :
|b Capstone Press,
|c [2011]
|
| 264 |
|
4 |
|c ©2011
|
| 300 |
|
|
|a 32 pages :
|b color illustrations ;
|c 24 cm.
|
| 336 |
|
|
|a text
|b txt
|2 rdacontent
|
| 337 |
|
|
|a unmediated
|b n
|2 rdamedia
|
| 338 |
|
|
|a volume
|b nc
|2 rdacarrier
|
| 490 |
1 |
|
|a Real world math. Level 4
|
| 500 |
|
|
|a Includes index.
|
| 650 |
|
0 |
|a Algebra
|v Juvenile literature.
|
| 650 |
|
0 |
|a Pattern perception.
|
| 830 |
|
0 |
|a Real world math (Capstone Press)
|
| 945 |
|
|
|a PromptCat
|
| 948 |
|
|
|a cataloged
|b h
|c 2012/12/10
|d c
|e dmitchel
|f 8:50:40 am
|
| 994 |
|
|
|a C0
|b TXA
|
| 999 |
|
|
|a MARS
|
| 999 |
f |
f |
|s e1e8b531-480c-3258-ba01-d2b02388eca6
|i 685bc320-b594-3760-bd2f-ec5277b57336
|t 0
|
| 952 |
f |
f |
|p normal
|a Texas A&M University
|b College Station
|c Sterling C. Evans Library
|d Evans: Curriculum Collection (4th floor)
|t 0
|e BF294 .H95 2011
|h Library of Congress classification
|i unmediated -- volume
|m A14836006984
|
| 998 |
f |
f |
|a BF294 .H95 2011
|t 0
|l Evans: Curriculum Collection (4th floor)
|